000
00290nam a2200133Ia 4500
100
_a
Nayar/ Alok
942
_c
RB
654
_a
Metals databook
245
_a
The Metals Databook
260
_b
Tata Mc Graw hill
_a
New Delhi
_c
1997
082
_a
665
_b
NAY
546
_a
ENGLISH
999
_c
25291
_d
25291